| 000 | 00692nam a2200193Ia 4500 | ||
|---|---|---|---|
| 001 | 12800 | ||
| 003 | GE_BSU | ||
| 008 | 181216s||||||||xx |||||||||||||| ||und|| | ||
| 040 | _cGE_BSU | ||
| 080 | _a631.4 | ||
| 100 | _aГерасимов,И.Д. | ||
| 245 | _aГенетические географические и исторические проблемы современного почвоведения | ||
| 260 | _aМосква | ||
| 260 | _bНаука | ||
| 260 | _c1976 | ||
| 300 | _a298стр.20см. | ||
| 653 | _aГенетические географические и исторические проблемы современного почвоведения | ||
| 942 | _cBK | ||
| 999 |
_c45971 _d45971 |
||